Statistics for English Clubs with 2,000 top flight games played

Click here to take the quiz!

General Stats

  • This quiz has been taken 49 times
  • The average score is 19 of 25

Answer Stats

Games PlayedClub% Correct
4,238Arsenal
100%
4,240Liverpool
100%
3,726Manchester City
100%
3,884Manchester United
100%
3,503Chelsea
97%
4,622Everton
95%
3,500Tottenham Hotspur
95%
3,570Newcastle United
92%
4,176Aston Villa
90%
2,193Leicester City
87%
2,129Leeds United
85%
2,178Nottingham Forest
82%
2,578West Ham United
79%
2,567Wolverhampton Wanderers
77%
2,720Blackburn Rovers
74%
3,340Sunderland
72%
2,275Burnley
67%
2,582Sheffield Wednesday
67%
2,432Sheffield United
64%
3,146West Bromwich Albion
62%
2,802Bolton Wanderers
54%
2,468Derby County
51%
2,438Middlesbrough
51%
2,306Birmingham City
46%
2,372Stoke City
46%

Score Distribution

Percentile by Number Answered

Percent of People with Each Score

Your Score History

You have not taken this quiz